书目信息 |
| 题名: |
写给青少年的战国史
|
|
| 作者: | 慕鱼 著 | |
| 分册: | ||
| 出版信息: | 北京 华龄出版社 2019.03 |
|
| 页数: | 213页 | |
| 开本: | 22cm | |
| 丛书名: | 少年读历史 | |
| 单 册: | ||
| 中图分类: | K231.09 | |
| 科图分类: | ||
| 主题词: | 中国历史--战国时代--青少年读物 | |
| 电子资源: | ||
| ISBN: | 978-7-5169-1385-7 | |
| 000 | 00655oam2 2200229 450 | |
| 001 | 2353282779 | |
| 005 | 20231208144832.50 | |
| 010 | @a978-7-5169-1385-7@dCNY 39.80 | |
| 100 | @a20201027d2019 cd y0chiy0120 ea | |
| 101 | 0 | @achi |
| 102 | @aCN@b110000 | |
| 105 | @ay z 000yy | |
| 200 | 1 | @a写给青少年的战国史@Axie gei qing shao nian de zhan guo shi@b专著@f慕鱼著 |
| 210 | @a北京@c华龄出版社@d2019.03 | |
| 215 | @a213页@d22cm | |
| 225 | 2 | @a少年读历史 |
| 410 | 0 | @12001 @a少年读历史 |
| 606 | 0 | @a中国历史@z战国时代@j青少年读物 |
| 690 | @aK231.09@v5 | |
| 701 | 0 | @a慕鱼@Axing han@4著 |
| 801 | 2 | @aCN@b辽宁北配@c20231205 |
| 905 | @aZUCC@dK231.09@e5 | |
| 写给青少年的战国史/慕鱼著.-北京:华龄出版社,2019.03 |
| 213页;22cm.-(少年读历史) |
| ISBN 978-7-5169-1385-7:CNY 39.80 |
| ● |
| 相关链接 |
|
|
|
正题名:写给青少年的战国史
索取号:K231.09/5
 
预约/预借
| 序号 | 登录号 | 条形码 | 馆藏地/架位号 | 状态 | 备注 |
| 1 | 2001250309 | 2001250309 | 第四书库/四19架A面1层3列/ [索取号:K231.09/5] | 在馆 | |
| 2 | 2001250310 | 2001250310 | 第四书库/四19架A面1层3列/ [索取号:K231.09/5] | 在馆 | |
| 3 | 2001250311 | 2001250311 | 第四书库/四19架A面1层3列/ [索取号:K231.09/5] | 在馆 | |
| 4 | 2001250312 | 2001250312 | 第四书库/四19架A面1层3列/ [索取号:K231.09/5] | 在馆 | |
| 5 | 2001250313 | 2001250313 | 第四书库/四19架A面1层3列/ [索取号:K231.09/5] | 在馆 | |
| 6 | 2001250314 | 2001250314 | 第四书库/四19架A面1层3列/ [索取号:K231.09/5] | 在馆 | |
| 7 | 2001250315 | 2001250315 | 第四书库/四19架A面1层3列/ [索取号:K231.09/5] | 在馆 | |
| 8 | 2001250316 | 2001250316 | 第四书库/四19架A面1层3列/ [索取号:K231.09/5] | 在馆 | |
| 9 | 2001250317 | 2001250317 | 第四书库/四19架A面1层3列/ [索取号:K231.09/5] | 在馆 | |
| 10 | 2001250318 | 2001250318 | 503书库/ [索取号:K231.09/5] | 在馆 | |
| 11 | 2001250319 | 2001250319 | 503书库/ [索取号:K231.09/5] | 在馆 | |
| 12 | 2001250320 | 2001250320 | 503书库/ [索取号:K231.09/5] | 在馆 | |
| 13 | 2001250321 | 2001250321 | 共建书房-马克思主义/ [索取号:K231.09/5] | 在馆 | |
| 14 | 2001250322 | 2001250322 | 共建书房-马克思主义/ [索取号:K231.09/5] | 在馆 | |
| 15 | 2001250323 | 2001250323 | 共建书房-马克思主义/ [索取号:K231.09/5] | 在馆 | |
| 16 | 2001250324 | 2001250324 | 218书库/ [索取号:K231.09/5] | 在馆 | |
| 17 | 2001250325 | 2001250325 | 218书库/ [索取号:K231.09/5] | 在馆 | |
| 18 | 2001250326 | 2001250326 | 218书库/ [索取号:K231.09/5] | 在馆 | |
| 19 | 2001250327 | 2001250327 | 218书库/ [索取号:K231.09/5] | 在馆 | |
| 20 | 2001250328 | 2001250328 | 218书库/ [索取号:K231.09/5] | 在馆 | |
| 21 | 2001250329 | 2001250329 | 315书库/ [索取号:K231.09/5] | 在馆 | |
| 22 | 2001250330 | 2001250330 | 218书库/ [索取号:K231.09/5] | 在馆 | |
| 23 | 2001250331 | 2001250331 | 315书库/ [索取号:K231.09/5] | 在馆 | |
| 24 | 2001250332 | 2001250332 | 315书库/ [索取号:K231.09/5] | 在馆 | |
| 25 | 2001250333 | 2001250333 | 315书库/ [索取号:K231.09/5] | 在馆 | |
| 26 | 2001250334 | 2001250334 | 315书库/ [索取号:K231.09/5] | 在馆 | |
| 27 | 2001250335 | 2001250335 | 315书库/ [索取号:K231.09/5] | 在馆 | |
| 28 | 2001250336 | 2001250336 | 第四书库/四19架A面1层3列/ [索取号:K231.09/5] | 在馆 | |
| 29 | 2001250337 | 2001250337 | 第四书库/四19架A面1层3列/ [索取号:K231.09/5] | 在馆 | |
| 30 | 2001250338 | 2001250338 | 第四书库/四19架A面1层3列/ [索取号:K231.09/5] | 在馆 |